Carregant...

Civilization of Rome /

Dades bibliogràfiques
Autor principal: Grimal, Pierre
Format: Printed Book
Idioma:English
Publicat: London : GAU, 1963.
LEADER 00404nam a2200121Ia 4500
008 150624b xxu||||| |||| 00| 0 eng d
082 |a 937 
100 |a Grimal, Pierre 
245 |a Civilization of Rome /  |c Pierre Grimal 
260 |a London :  |b GAU,  |c 1963. 
942 |c BK 
999 |c 61891  |d 61891 
952 |0 0  |1 0  |4 0  |6 937_000000000000000_GRI_C  |7 0  |9 61868  |a UL  |b UL  |c ST2  |d 2012-10-27  |l 0  |o 937 GRI/C  |p D926  |r 2012-10-27  |w 2012-10-27  |y BK